000
00262nam a2200121Ia 4500
100
_a
LEELA PATIL
942
_c
BK
366
_f
50
245
_a
SHIKSHANACHE ANTARANG
260
_b
RAJYA MARATHI VIKAS SANSTHA
_a
Mumbai
_c
2013
300
_a
192
546
_a
MARATHI
999
_c
29063
_d
29063